000 00412nam a2200157Ia 4500
008 230711s9999||||xx |||||||||||||| ||und||
041 _aENG
082 _a5
_bLA-P
100 _aLafore,Robert
245 4 _aThe waite groups object-oriented progarmming in c ++
250 _a3rd Ed.
260 _c2008
_aNew Delhi
_bGalgotia Publications Pvt.Ltd
300 _a925
650 _aComputer Engineering
942 _cBK
999 _c4871
_d4871